| Tag |
First Indicator |
Second Indicator |
Subfields |
| LEADER |
00000cam a2200000 i 4500 |
| 001 |
in00002781654 |
| 005 |
20150922121454.0 |
| 008 |
120723t20122012inua 001 0 eng |
| 010 |
|
|
|a 2012026345
|
| 020 |
|
|
|a 9780789749185
|
| 020 |
|
|
|a 0789749181
|
| 035 |
|
|
|a (OCoLC)ocn752068046
|
| 040 |
|
|
|a DLC
|e rda
|c DLC
|d UtOrBLW
|
| 049 |
|
|
|a TXAM
|
| 050 |
0 |
0 |
|a HF5679
|b .M2723 2012
|
| 082 |
0 |
0 |
|a 657/.9042028553
|2 23
|
| 100 |
1 |
|
|a Madeira, Laura.
|
| 245 |
1 |
0 |
|a QuickBooks 2012 In Depth /
|c Laura Madeira.
|
| 264 |
|
1 |
|a Indianapolis :
|b Que Publishing,
|c [2012,©2012]
|
| 300 |
|
|
|a xiii, 712 pages :
|b illustrations ;
|c 23 cm.
|
| 336 |
|
|
|a text
|b txt
|2 rdacontent
|
| 337 |
|
|
|a unmediated
|b n
|2 rdamedia
|
| 338 |
|
|
|a volume
|b nc
|2 rdacarrier
|
| 500 |
|
|
|a Includes index.
|
| 505 |
0 |
|
|a Introduction -- Introducing quickbooks 2012 -- Getting started with QuickBooks -- Getting around QuickBooks -- Accounting 101 -- Understanding QuickBooks lists -- Setting up inventory -- Managing inventory -- Setting up vendors -- Managing vendors -- Setting up customers -- Managing customers -- Setting up payroll -- Managing payroll -- Working with bank and credit card accounts -- Reporting in QuickBooks -- Reviewing your data -- Sharing QuickBooks data with your accountant -- Managing your QuickBooks database -- Using other planning and management tools -- App A: Client data review -- App B: QuickBooks statement writer -- App C: QuickBooks shortcuts.
|
| 630 |
0 |
0 |
|a QuickBooks.
|
| 650 |
|
0 |
|a Small business
|x Accounting
|x Computer programs.
|
| 650 |
|
0 |
|a Small business
|x Finance
|x Computer programs.
|
| 945 |
|
|
|a PromptCat
|b 38643
|
| 946 |
|
|
|a west,stk
|
| 947 |
|
|
|a A14835993764
|
| 948 |
|
|
|a cataloged
|b h
|c 2012/10/4
|d c
|e dmitchel
|f 12:50:40 pm
|
| 994 |
|
|
|a 92
|b TXA
|
| 999 |
|
|
|a MARS
|
| 999 |
f |
f |
|s 95d707af-b153-3704-8ff9-975d5ae367ef
|i 6074ed64-b3b4-3a66-9a07-048ae5cad46e
|t 0
|
| 952 |
f |
f |
|p newbook
|a Texas A&M University
|b College Station
|c Business Library & Collaboration Commons
|d West Campus Library: New Book Shelves
|t 0
|e HF5679 .M2723 2012
|h Library of Congress classification
|i unmediated -- volume
|m A14835993764
|
| 998 |
f |
f |
|a HF5679 .M2723 2012
|t 0
|l West Campus Library: New Book Shelves
|